India with Sanjeev Bhaskar / (Record no. 24375)

MARC details
000 -LEADER
fixed length control field 03544nam a22003977a 4500
008 - FIXED-LENGTH DATA ELEMENTS--GENERAL INFORMATION
fixed length control field 090225t xxu||||| |||| 00| 1 eng d
010 ## - LCCN (DPL NO)
LC control number B-347166-177
020 ## - INTERNATIONAL STANDARD BOOK NUMBER
International Standard Book Number 9780007247387
Terms of availability 695.00
020 ## - INTERNATIONAL STANDARD BOOK NUMBER
International Standard Book Number 0007247389
Terms of availability 695.00
035 ## - SYSTEM CONTROL NUMBER
System control number B-347166-177
037 ## - SOURCE OF ACQUISITION
Source of stock number/acquisition Aakar Books
040 ## - CATALOGING SOURCE
Original cataloging agency dpl
Language of cataloging English
082 ## - DEWEY DECIMAL CLASSIFICATION NUMBER
Classification number 915.404532
100 ## - MAIN ENTRY--PERSONAL NAME
Personal name Bhaskar, Sanjeev
245 ## - TITLE STATEMENT
Title India with Sanjeev Bhaskar /
Statement of responsibility, etc by Sanjeev Bhaskar
260 ## - PUBLICATION, DISTRIBUTION, ETC. (IMPRINT)
Place of publication, distribution, etc London
Name of publisher, distributor, etc HarperCollins Publishers
Date of publication, distribution, etc 2007
270 ## - ADDRESS
Address 77-85Fulham Palace Road, Hammersmith
City London
Postal code W6 8JB
300 ## - PHYSICAL DESCRIPTION
Extent 287p.:
Dimensions 26cm.(Hb)
Other physical details col. photos
650 ## - SUBJECT ADDED ENTRY--TOPICAL TERM
Topical term or geographic name as entry element Large type books.
651 ## - SUBJECT ADDED ENTRY--GEOGRAPHIC NAME
Geographic name India
General subdivision Description and travel.
651 ## - SUBJECT ADDED ENTRY--GEOGRAPHIC NAME
Geographic name India
General subdivision Social life and customs.
942 ## - ADDED ENTRY ELEMENTS (KOHA)
Source of classification or shelving scheme Dewey Decimal Classification
Item type English Books
Call number suffix BHA
Classification part 915.404532
Holdings
Withdrawn status Lost status Source of classification or shelving scheme Damaged status Not for loan Collection code Home library Current library Date acquired Source of acquisition Cost, normal purchase price Total Checkouts Full call number Barcode Date last seen Copy number Cost, replacement price Koha item type Total Renewals
    Dewey Decimal Classification     Non-fiction Bagh Kadhe Khan Bagh Kadhe Khan 10/08/2009 Aakar Books / I-172/22.6.09/18/5.6.09/6.7.09 695.00   915.404532 BHA B-347174 10/08/2009 1 695.00 English Books  
    Dewey Decimal Classification     Non-fiction Bawana Bawana 10/08/2009 Aakar Books / I-172/22.6.09/18/5.6.09/6.7.09 695.00 2 915.404532 BHA B-347175 27/08/2024 1 695.00 English Books  
    Dewey Decimal Classification     Non-fiction Central Library Central Library 10/08/2009 Aakar Books / I-172/22.6.09/18/5.6.09/6.7.09 695.00   915.404532 BHA B-347166 10/08/2009 1 695.00 English Books  
    Dewey Decimal Classification     Non-fiction Janak Puri Janak Puri 10/08/2009 Aakar Books / I-172/22.6.09/18/5.6.09/6.7.09 695.00 23 915.404532 BHA B-347170 17/10/2015 1 695.00 English Books 2
    Dewey Decimal Classification     Non-fiction Karol Bagh Karol Bagh 10/08/2009 Aakar Books / I-172/22.6.09/18/5.6.09/6.7.09 695.00   915.404532 BHA B-347173 10/08/2009 1 695.00 English Books  
  Written-off vide DLB M. No. 383 dt 16.05.19 Dewey Decimal Classification     Non-fiction Patel Nagar Patel Nagar 10/08/2009 Aakar Books / I-172/22.6.09/18/5.6.09/6.7.09 695.00   915.404532 BHA B-347167 10/08/2009 1 695.00 English Books  
    Dewey Decimal Classification     Non-fiction Peshwa Road Peshwa Road 10/08/2009 Aakar Books / I-172/22.6.09/18/5.6.09/6.7.09 695.00   915.404532 BHA B-347168 10/08/2009 1 695.00 English Books  
    Dewey Decimal Classification     Non-fiction Sarojini Nagar Sarojini Nagar 10/08/2009 Aakar Books / I-172/22.6.09/18/5.6.09/6.7.09 695.00 23 915.404532 BHA B-347171 11/11/2016 1 695.00 English Books 3
    Dewey Decimal Classification     Non-fiction Shahdara Branch Shahdara Branch 10/08/2009 Aakar Books / I-172/22.6.09/18/5.6.09/6.7.09 695.00 2 915.404532 BHA B-347176 08/10/2021 1 695.00 English Books  
    Dewey Decimal Classification     Non-fiction Tri Nagar Tri Nagar 10/08/2009 Aakar Books / I-172/22.6.09/18/5.6.09/6.7.09 695.00 1 915.404532 BHA B-347169 23/05/2023 1 695.00 English Books  
    Dewey Decimal Classification     Non-fiction Vinoba Puri Vinoba Puri 10/08/2009 Aakar Books / I-172/22.6.09/18/5.6.09/6.7.09 695.00 8 915.404532 BHA B-347172 13/11/2015 1 695.00 English Books 1
    Dewey Decimal Classification     Non-fiction Yojana Vihar Yojana Vihar 10/08/2009 Aakar Books / I-172/22.6.09/18/5.6.09/6.7.09 695.00   915.404532 BHA B-347177 10/08/2009 1 695.00 English Books  

© Delhi Public Library
Hit Counter
free hit counter